Countries Closest to Pakistan - One Minute Sprint - Statistics

General Stats
  • This quiz has been taken 168 times
  • The average score is 15 of 20
Answer Stats
km country miles % Correct
0 India 0
100%
0 Afghanistan 0
97%
0 China 0
94%
0 Iran 0
94%
1407 Bangladesh 874
80%
1184 Iraq 736
80%
16 Tajikistan 10
79%
439 Turkmenistan 273
78%
550 Nepal 342
76%
330 Uzbekistan 205
76%
262 Kyrgyzstan 163
70%
703 Saudi Arabia 437
70%
530 Kazakhstan 329
67%
1410 Bhutan 876
65%
342 Oman 212
64%
527 United Arab Emirates 328
58%
1208 Kuwait 751
57%
1005 Qatar 624
55%
1088 Bahrain 676
49%
1206 Yemen 750
48%
No matching quizzes found
Score Distribution
Percent of People with Each Score
Percentile by Number Answered
Your Score History
You have not taken this quiz